| 000 | 00870cab a2200253 4500 | ||
|---|---|---|---|
| 001 | WB3211-04 | ||
| 008 | 090401t1996 xxu||||| |||| 00| 0 eng d | ||
| 035 | _a(Sirsi) u50603 | ||
| 041 | _aeng | ||
| 245 | _aArchitectural contract | ||
| 260 | _c1996 | ||
| 350 | _a0 | ||
| 490 |
_aEstates Gazette Case Summaries _v[1996] EGCS 36(1) (9/3/96) |
||
| 520 | _a"Munkenbeck & Marshall v Regent Health & Fitness Club Ltd" CA 22 February 1996. Official referee held in favour of architect`s calculation of fees following early termination of appointment. Defendant`s appeal against decision allowed. | ||
| 650 | _aARCHITECTS | ||
| 650 | _aARCHITECTS APPOINTMENT | ||
| 650 | _aCONDITIONS OF ENGAGEMENT | ||
| 650 | _aFEES | ||
| 650 | _aHEALTH CLUBS | ||
| 650 | _aRIBA AGREEMENT | ||
| 690 | _aBUILDING AND CONSTRUCTION-CASE LAW | ||
| 942 | _n0 | ||
| 948 | _c04/03/1997 | ||
| 999 |
_c31578 _d31578 |
||